Statistiques concernant Villes françaises sur le littoral Carte-Quiz

Cliquez ici pour prendre le quiz!

Statistiques générales

  • Ce quiz a été pris 457 fois
    (135 depuis la dernière actualisation)
  • Le résultat moyen est 16 sur 20

Réponses sur la Carte

Les réponses sont colorées sur une échelle allant du rouge au vert en fonction du pourcentage des utilisateurs qui les ont devinées à leur premier essai. Vous pouvez retrouver ces pourcentages ci-dessous.
 

Statistiques - réponses

Réponse% Correct
Ajaccio
94%
Biarritz
89%
Brest
88%
Dunkerque
88%
Nice
88%
Marseille
87%
Le Havre
86%
Saint-Malo
82%
Bastia
81%
Cherbourg-en-Cotentin
81%
La Rochelle
79%
Calais
77%
Les Sables d'Olonne
77%
Sète
76%
Lorient
73%
Saint-Nazaire
73%
Saint-Brieuc
72%
Hyères
65%
La Teste-de-Buch
59%
Saint-Raphaël
59%

Distribution des résultats

Percentile par nombre de réponses

% des personnes avec chaque résultat

Votre développement - résultats

Vous n’avez pas pris ce quiz depuis la dernière actualisation